| 000 | 00874nam a22002297a 4500 | ||
|---|---|---|---|
| 999 |
_c12677 _d12677 |
||
| 003 | AR-CdUCM | ||
| 008 | 190409b ||||| |||| 00| 0 spa d | ||
| 020 | _a978-0-545-49082-5 | ||
| 040 |
_aMUNICIPALIDAD PROVINCIAL DEL CUSCO _cBIBLIOTECA MUNICIPAL DEL CUSCO |
||
| 082 |
_aEP / 592 / _bAR73 |
||
| 100 |
_aArlon, Penelope _930662 |
||
| 245 |
_aScholastic, explora tu mundo : _bInsectos y otras criaturas / |
||
| 260 |
_aSingapur : _bFirst spanish edition, _c2013. |
||
| 300 |
_a80 paginas _c26 cm. |
||
| 500 | _aLos animalitos mas espeluznantes de la tierra. | ||
| 505 | _aContenido :¿Que es un antropodo? -- Los insectos -- Mariposas y polillas -- Las lombrices de tierra -- La vida de una abeja ... | ||
| 650 |
_aAnimales cuadrĂºpedos _930663 |
||
| 650 |
_aCiencias naturales _910176 |
||
| 700 |
_aGordon-Harris, Tory _930664 |
||
| 942 |
_2ddc _cLIBROS |
||
| 945 | _arum | ||